000 00519nam a22001697a 4500
005 20251108175435.0
008 250721s2014 xx 000 0 ara d
082 1 4 _a956/دبا
100 1 _aدباشي، حميد
245 1 0 _aالربيع العربي نهاية حقبة ما بعد الأستعمار /
264 1 _aراس الخيمة :
_bدار نون للنشر،
_c2014.
300 _a350 ص.
650 1 7 _aالثورات
650 1 7 _aالتاريخ العربي
942 _2ddc
_cBK
999 _c134163
_d134163